House prices in East End rise after Olympic win (Record no. 78349)
[ view plain ]
| 000 -LEADER | |
|---|---|
| fixed length control field | 01589cab a2200205 4500 |
| 001 - CONTROL NUMBER | |
| control field | L136572 |
| 008 - FIXED-LENGTH DATA ELEMENTS--GENERAL INFORMATION | |
| fixed length control field | 070208n2007 000 0 eng u |
| 035 ## - SYSTEM CONTROL NUMBER | |
| System control number | (Sirsi) u136572 |
| 041 0# - LANGUAGE CODE | |
| Language code of text/sound track or separate title | eng |
| 110 2# - MAIN ENTRY--CORPORATE NAME | |
| Corporate name or jurisdiction name as entry element | HBOS plc |
| 9 (RLIN) | 4703 |
| 245 00 - TITLE STATEMENT | |
| Title | House prices in East End rise after Olympic win |
| Medium | [electronic resource] |
| 260 ## - PUBLICATION, DISTRIBUTION, ETC. | |
| Place of publication, distribution, etc. | Edinburgh |
| Name of publisher, distributor, etc. | HBOS plc |
| Date of publication, distribution, etc. | 2007 |
| 520 ## - SUMMARY, ETC. | |
| Summary, etc. | New research from Halifax Estate Agents shows that house prices in three London postal districts close to the site of 2012 Olympics games have risen by more than 15%, or at least £35 000, since London's winning bid was announced. Across London, house prices have risen by 15% since Q2 2005. The best performance has been in Leytonstone (E11), which saw a 23% (£50 714) increase in its average house price since mid 2005 followed by Hackney (E8) with a 21% (£48 578) increase and Clapton (E5) 18% (£38 895) rise. Seven areas close to the Olympic site recorded house price increases of more than 10% since Q2 2006, while all areas close to the Games site have seen at least a £15 000 rise in their average house price. Stratford (E15), the focal point for Olympic construction activity, saw an 8% (£16 801) increase in its average price since June 2005 to £225 652. |
| 590 ## - LOCAL NOTE (RLIN) | |
| Local note | KA |
| 650 24 - SUBJECT ADDED ENTRY--TOPICAL TERM | |
| Topical term or geographic name entry element | OLYMPIC GAMES 2012 |
| 651 #4 - SUBJECT ADDED ENTRY--GEOGRAPHIC NAME | |
| Geographic name | LONDON |
| 690 ## - LOCAL SUBJECT ADDED ENTRY--TOPICAL TERM (OCLC, RLIN) | |
| Topical term or geographic name as entry element | PROPERTY-RESIDENTIAL PROPERTY-RESIDENTIAL PROPERTY MARKET |
| 856 40 - ELECTRONIC LOCATION AND ACCESS | |
| Uniform Resource Identifier | <a href="https://www.hbosplc.com/media/pressreleases/articles/halifax/2007-02-02-01-halifax.asp?fs=/media/press_releases.asp">https://www.hbosplc.com/media/pressreleases/articles/halifax/2007-02-02-01-halifax.asp?fs=/media/press_releases.asp</a> |
| Public note | View the press release free of charge at www.hbosplc.com... |
| 942 ## - ADDED ENTRY ELEMENTS (KOHA) | |
| Suppress in OPAC | 0 |
| Withdrawn status | Lost status | Source of classification or shelving scheme | Damaged status | Not for loan | Home library | Current library | Shelving location | Date acquired | Total Checkouts | Full call number | Barcode | Date last seen | Copy number | Price effective from | Koha item type |
|---|---|---|---|---|---|---|---|---|---|---|---|---|---|---|---|
| Dewey Decimal Classification | Virtual | Virtual | Online | 08/02/2007 | ONLINE PUBLICATION | 136572-1001 | 06/08/2019 | 1 | 06/08/2019 | Journal article |